| 000 | 00582nam a2200205 i 4500 | ||
|---|---|---|---|
| 001 | bgj | ||
| 245 | 1 | 0 |
_aUrszenen : _bLiteraturwissenschaft als Diskursananlyse und Diskurskritik / _chrsg. von Friedrich A. Kittler und Horst Turk. |
| 260 |
_aFrankfurt am Main : _bSuhrkamp _c1977. |
||
| 300 |
_a409, [1] s. : _bil. ; _c20 cm. |
||
| 504 | _aBibliogr. s. 409-[410]. | ||
| 650 | 9 | _aLiteratura | |
| 020 | _a351807475X | ||
| 040 | _cBPK | ||
| 041 | 0 | _ager | |
| 044 | _aDEU | ||
| 080 | _a82 | ||
| 920 | _a3-518-07475-X | ||
| 942 | _cKS | ||
| 008 | s gw f |000 0 ger | ||
| 999 |
_c50430 _d50430 |
||
| 856 |
_uhttp://koha.tu.koszalin.pl/cgi-bin/koha/opac-detail.pl?biblionumber=50430 _yKatalog online BPK |
||